Schweizer Memes - Statistiken

Allgemein
  • Dieses Quiz wurde 28 mal gespielt
  • Das Durchschnittsergebnis liegt bei 7 aus 15
Antwortstatistiken
Hint Antwort % Korrekt
De Kameramaa Bruno
90%
Was hend si kauft? Getrocknete Bananen
76%
G wie Gurke
67%
Sött sech besser hebe Richi
67%
Dänksch du bisch krass will ... hesch Bändeli
62%
ich bi halt scho immer en chliine ... gse erfinder
57%
Oh nei, you dreamer du!
52%
Brüeder ech han Termin
52%
Seit mer zom Fochs VERREIS
52%
Bondesrot, wo sött d Dönerpriise abemache ALBERT RÖSTI
38%
Influencer, wo Döner esst ond PS5 verteilt Steve Merson
33%
Ursprönglechi Chenderserie, hed aber es nöis Voiceover öbercho(Hint: Michi) Pingu macht Probleme
19%
i bi kei schmouker
19%
Oh hoppla, hesch der öppis gmacht Juderolle
14%
Arschloch Wäg, Arschloch Alpe Alles Arschloch
10%
Keine übereinstimmenden Quizze gefunden
Verteilung der Resultate
Anzahl Personen mit jedem Resultat
Perzentil nach korrekt beantworteten Fragen
Ihre Resultats-Entwicklung
Sie haben dieses Quiz noch nicht gespielt